01135 2200361 4500001002100000005001500021035002000036007000300056040001700059100005200076245010000128250001200228300004100240020002200281041000800303082001000311084001600321090002200337264003700359336002100396337003000417338002300447650001700470850001000487008004100497500003200538700005100570700005000621700004400671504002800715990001500743990001500758INLIS00000000000857620260518030137 a0010-0922001065ta aSBPUPADbind0 aM. Zafrullah Arifin Roland SidabutarePengarang1 aMemahami Gambaran Mikroanatomi Pada Operasi Bedah Saraf /cM. Zafrullah Arifin Roland Sidabutar a.-Cet.1 avii, 92 hlm :bilus. ;c11 x 17,5 cm a978-602-8674-77-5 7aind a617.4 a617.4 ZAF m a617.6 ALV p 18-4 a.--Jakarta :bSagung Seto,c2012 2rdacontentateks 2rdamediaatanpa perantara 2rdacarrieravolume 4aMikroanatomi aPUPAD260518 0  aTentang Penulis, hlm. 89-920 aPengarang Ke-2, I Marjdono TjahjadiePengarang0 aPengarang Ke-3, Agung Budi SutionoePengarang0 aPengarang Ke-4, Ahmad FariedePengarang aBibliografi, hlm. 85-87 a249/B/2013 a250/B/2013